LEADER 01237nam2-2200397---450 001 990006054710203316 005 20230522183201.0 035 $a000605471 035 $aUSA01000605471 035 $a(ALEPH)000605471USA01 035 $a000605471 100 $a20150630d1954----km-y0itay50------ba 101 $aita 102 $aIT 105 $a||||||||001yy 200 1 $a<<1.:>> Da Omero al 6. secolo a.C.$fFilippo Maria Pontani 210 $aMessina$aFirenze$cD'Anna$d1954 215 $a210 p.$cill.$d22 cm 461 1$1001000605477$12001$aLetteratura greca 606 0 $aLetteratura greca$2BNCF 676 $a880 700 1$aPONTANI,$bFilippo Maria$0159812 801 0$aIT$bsalbc$gISBD 912 $a990006054710203316 951 $aXV.11. 193 1$b674 f.vuolo$cXV.11.$d377456 951 $aXV.22.A. 218 1$b277612 L.M.$cXV.22.$d555613 959 $aBK 969 $aFVUO 969 $aFGAL 979 $aVITTORIANA$b90$c20150630$lUSA01$h0958 979 $aVITTORIANA$b90$c20150630$lUSA01$h1016 979 $aVITTORIANA$b90$c20150630$lUSA01$h1133 979 $aVITTORIANA$b90$c20150630$lUSA01$h1210 979 $aVITTORIANA$b90$c20150630$lUSA01$h1211 996 $aDa Omero al 6. secolo a.C$93358685 997 $aUNISA LEADER 03184nam 22004335 450 001 9910300299603321 005 20200701022854.0 010 $a981-10-4367-1 024 7 $a10.1007/978-981-10-4367-3 035 $a(CKB)3840000000351136 035 $a(MiAaPQ)EBC5261457 035 $a(DE-He213)978-981-10-4367-3 035 $a(PPN)224636553 035 $a(EXLCZ)993840000000351136 100 $a20180202d2018 u| 0 101 0 $aeng 135 $aurcnu|||||||| 181 $2rdacontent 182 $2rdamedia 183 $2rdacarrier 200 10$aBiliopancreatic Endoscopy $ePractical Application /$fedited by Kwok-Hung Lai, Lein-Ray Mo, Hsiu-Po Wang 205 $a1st ed. 2018. 210 1$aSingapore :$cSpringer Singapore :$cImprint: Springer,$d2018. 215 $a1 online resource (256 pages) $cillustrations (some color), photographs 311 $a981-10-4366-3 320 $aIncludes bibliographical references at the end of each chapters and index. 330 $aThis book aims to provide the basic technology and recent advances in biliopancreatic endoscopy. The method of Endoscopic retrograde cholangiopancreatography (ERCP) is popularly applied to enlarge the papillary orifice for removal of biliary and pancreatic stones, to relieve obstruction of distal bile duct or pancreatic duct by nasobiliary / nasopancreatic drainage or stenting, and to remove the premalignant tumor of papilla in recent four decades. The diagnostic role of ERCP is already replaced by the noninvasive images such as abdominal sonography, computed tomography, magnetic resonance cholangiopancreatography (MRCP) and endoscopic ultrasonography (EUS). This book will be contributed by the senior members of the Digestive Endoscopy Society of Taiwan (DEST) who are the leading ERCPists of the medical centers and teaching hospitals in Taiwan. There are 21 chapters, including the various techniques of therapeutic ERCP and EUS, how to approach the difficult cases and prevent complications. Recently, many new facilities and techniques develop to solve the difficult problems, but those new methods may have potential hazard to the patients, particularly in the inexperienced hands. We will share our clinical experience and comments on the recent literatures, to illustrate the standard operative procedures of biliopancreatic endoscopy, and focus on the patients? safety as well as efficacy. We hope this book will be helpful for the readers in clinical application and facilitate the junior doctors to choose the cost-effective and safe procedure to help their patients in the future. 606 $aGastroenterology 606 $aGastroenterology$3https://scigraph.springernature.com/ontologies/product-market-codes/H33061 615 0$aGastroenterology. 615 14$aGastroenterology. 676 $a616.3607572 702 $aLai$b Kwok-Hung$4edt$4http://id.loc.gov/vocabulary/relators/edt 702 $aMo$b Lein-Ray$4edt$4http://id.loc.gov/vocabulary/relators/edt 702 $aWang$b Hsiu-Po$4edt$4http://id.loc.gov/vocabulary/relators/edt 906 $aBOOK 912 $a9910300299603321 996 $aBiliopancreatic Endoscopy$91742946 997 $aUNINA